| 000 | 00606nam a22001937a 4500 | ||
|---|---|---|---|
| 005 | 20230629130142.0 | ||
| 008 | 230425b |||||||| |||| 00| 0 eng d | ||
| 020 |
_a9780192849274 _qPaperback |
||
| 040 |
_aCBULib _cCBULib |
||
| 041 | _aeng | ||
| 050 | _aHF 9762 Zha | ||
| 100 | _aZhang, Luping | ||
| 245 |
_aThe resolution of inter-state disputes in civil aviation _c/ by Luping Zhang |
||
| 260 |
_aOxford, _bOxford University, _c2022 |
||
| 300 | _axxvi, 221 pages | ||
| 650 | _aINTERNATIONAL CIVIL AVIATION ORGANISATION | ||
| 650 | _aAERONAUTICS, COMMERCIAL--INTERNATIONAL COOPERATION | ||
| 942 | _c002 | ||
| 999 |
_c76970 _d76970 |
||